Dons by Picture - Statistics

General Stats
  • This quiz has been taken 35 times
  • The average score is 8 of 16
Answer Stats
Picture Answer % Correct
Donald Duck
100%
Donald Trump
100%
Donatello
88%
Donald Sutherland
76%
Don Cheadle
71%
Don King
56%
Donald Glover
53%
Donald Trump Jr.
50%
Don McLean
41%
Don Knotts
38%
Donnie Wahlberg
38%
Don Rickles
35%
Donald Bradman
29%
Donald Faison
15%
Donatello
9%
Don Toliver
9%
No matching quizzes found
Score Distribution
Percent of People with Each Score
Percentile by Number Answered
Your Score History
You have not taken this quiz